101 things for a bay to make (Record no. 64487)

MARC details
000 -LEADER
fixed length control field 00387nam a2200145Ia 4500
005 - DATE AND TIME OF LATEST TRANSACTION
control field 20240821152202.0
008 - FIXED-LENGTH DATA ELEMENTS--GENERAL INFORMATION
fixed length control field 240821s9999||||xx |||||||||||||| ||und||
082 ## - DEWEY DECIMAL CLASSIFICATION NUMBER
Classification number 745.5 HOR-O
100 ## - MAIN ENTRY--PERSONAL NAME
Personal name Horth, L.B.
245 #0 - TITLE STATEMENT
Title 101 things for a bay to make
260 ## - PUBLICATION, DISTRIBUTION, ETC.
Place of publication, distribution, etc. London
Name of publisher, distributor, etc. B.T. Batsford Ltd.
Date of publication, distribution, etc. 1954
300 ## - PHYSICAL DESCRIPTION
Extent 182p
650 ## - SUBJECT ADDED ENTRY--TOPICAL TERM
Topical term or geographic name entry element Arts, Crafts, Music, SPorts and Recreations
942 ## - ADDED ENTRY ELEMENTS (KOHA)
Koha item type Book
Holdings
Withdrawn status Lost status Damaged status Not for loan Home library Current library Date acquired Total checkouts Barcode Date last seen Price effective from Koha item type
        Library and Documentation Division NCERT Library and Documentation Division NCERT 08/21/2024   47200 01/30/2025 08/21/2024 Book